<?xml version="1.0" encoding="UTF-8"?>
<collection xmlns="http://www.loc.gov/MARC21/slim">
 <record>
  <leader>01821nam a22002537a 4500</leader>
  <controlfield tag="001">NCT_50629</controlfield>
  <controlfield tag="008">180919b        xxu||||| |||| 00| 0 vie d</controlfield>
  <datafield tag="999" ind1=" " ind2=" ">
   <subfield code="c">2419</subfield>
   <subfield code="d">2419</subfield>
  </datafield>
  <datafield tag="020" ind1=" " ind2=" ">
   <subfield code="c">43000</subfield>
  </datafield>
  <datafield tag="082" ind1="0" ind2="4">
   <subfield code="2">23rd ed.</subfield>
   <subfield code="a">339.076</subfield>
   <subfield code="b">Kh107</subfield>
  </datafield>
  <datafield tag="100" ind1="1" ind2=" ">
   <subfield code="a">Tạ Đức Khánh</subfield>
  </datafield>
  <datafield tag="245" ind1="1" ind2="0">
   <subfield code="a">500 câu hỏi trắc nghiệm kinh tế học vĩ mô :</subfield>
   <subfield code="b">( Dành cho các trường đại học, cao đẳng khối kinh tế)</subfield>
   <subfield code="c">Tạ Đức Khánh</subfield>
  </datafield>
  <datafield tag="250" ind1=" " ind2=" ">
   <subfield code="a">Tái bản lần thứ 1</subfield>
  </datafield>
  <datafield tag="260" ind1=" " ind2=" ">
   <subfield code="a">H.</subfield>
   <subfield code="b">Giáo dục Việt Nam</subfield>
  </datafield>
  <datafield tag="300" ind1=" " ind2=" ">
   <subfield code="a">235 tr.</subfield>
   <subfield code="b">hình vẽ, bảng</subfield>
   <subfield code="c">24cm</subfield>
  </datafield>
  <datafield tag="520" ind1="3" ind2=" ">
   <subfield code="a">Sách gồm những câu hỏi trắc nhiệm và bài tập để sinh viên trực tiếp làm bài kiểm tra chương hoặc có thể lắp ghép thành một bài kiểm tra giữa kỳ và cuối kỳ.</subfield>
  </datafield>
  <datafield tag="653" ind1=" " ind2=" ">
   <subfield code="a">Quản trị kinh doanh</subfield>
  </datafield>
  <datafield tag="942" ind1=" " ind2=" ">
   <subfield code="2">ddc</subfield>
   <subfield code="c">BK</subfield>
  </datafield>
  <datafield tag="952" ind1=" " ind2=" ">
   <subfield code="0">0</subfield>
   <subfield code="1">0</subfield>
   <subfield code="2">ddc</subfield>
   <subfield code="4">0</subfield>
   <subfield code="6">339_076000000000000_KH107</subfield>
   <subfield code="7">0</subfield>
   <subfield code="9">13947</subfield>
   <subfield code="a">000001</subfield>
   <subfield code="b">000001</subfield>
   <subfield code="d">2018-09-19</subfield>
   <subfield code="l">5</subfield>
   <subfield code="o">339.076 Kh107</subfield>
   <subfield code="p">MD.13304</subfield>
   <subfield code="r">2020-12-25</subfield>
   <subfield code="s">2020-12-11</subfield>
   <subfield code="v">43000.00</subfield>
   <subfield code="w">2018-09-19</subfield>
   <subfield code="y">BK</subfield>
  </datafield>
  <datafield tag="952" ind1=" " ind2=" ">
   <subfield code="0">0</subfield>
   <subfield code="1">0</subfield>
   <subfield code="2">ddc</subfield>
   <subfield code="4">0</subfield>
   <subfield code="6">339_076000000000000_KH107</subfield>
   <subfield code="7">0</subfield>
   <subfield code="9">13948</subfield>
   <subfield code="a">000001</subfield>
   <subfield code="b">000001</subfield>
   <subfield code="d">2018-09-19</subfield>
   <subfield code="l">6</subfield>
   <subfield code="o">339.076 Kh107</subfield>
   <subfield code="p">MD.13305</subfield>
   <subfield code="r">2020-12-25</subfield>
   <subfield code="s">2020-12-11</subfield>
   <subfield code="v">43000.00</subfield>
   <subfield code="w">2018-09-19</subfield>
   <subfield code="y">BK</subfield>
  </datafield>
  <datafield tag="952" ind1=" " ind2=" ">
   <subfield code="0">0</subfield>
   <subfield code="1">0</subfield>
   <subfield code="2">ddc</subfield>
   <subfield code="4">0</subfield>
   <subfield code="6">339_076000000000000_KH107</subfield>
   <subfield code="7">0</subfield>
   <subfield code="9">13949</subfield>
   <subfield code="a">000001</subfield>
   <subfield code="b">000001</subfield>
   <subfield code="d">2018-09-19</subfield>
   <subfield code="l">8</subfield>
   <subfield code="m">1</subfield>
   <subfield code="o">339.076 Kh107</subfield>
   <subfield code="p">MD.13306</subfield>
   <subfield code="r">2020-12-23</subfield>
   <subfield code="s">2020-12-10</subfield>
   <subfield code="v">43000.00</subfield>
   <subfield code="w">2018-09-19</subfield>
   <subfield code="y">BK</subfield>
  </datafield>
  <datafield tag="952" ind1=" " ind2=" ">
   <subfield code="0">0</subfield>
   <subfield code="1">0</subfield>
   <subfield code="2">ddc</subfield>
   <subfield code="4">0</subfield>
   <subfield code="6">339_076000000000000_KH107</subfield>
   <subfield code="7">0</subfield>
   <subfield code="9">13950</subfield>
   <subfield code="a">000001</subfield>
   <subfield code="b">000001</subfield>
   <subfield code="d">2018-09-19</subfield>
   <subfield code="l">4</subfield>
   <subfield code="m">1</subfield>
   <subfield code="o">339.076 Kh107</subfield>
   <subfield code="p">MD.13307</subfield>
   <subfield code="r">2021-01-04</subfield>
   <subfield code="s">2020-11-30</subfield>
   <subfield code="v">43000.00</subfield>
   <subfield code="w">2018-09-19</subfield>
   <subfield code="y">BK</subfield>
  </datafield>
  <datafield tag="952" ind1=" " ind2=" ">
   <subfield code="0">0</subfield>
   <subfield code="1">0</subfield>
   <subfield code="2">ddc</subfield>
   <subfield code="4">0</subfield>
   <subfield code="6">339_076000000000000_KH107</subfield>
   <subfield code="7">0</subfield>
   <subfield code="9">13951</subfield>
   <subfield code="a">000001</subfield>
   <subfield code="b">000001</subfield>
   <subfield code="d">2018-09-19</subfield>
   <subfield code="o">339.076 Kh107</subfield>
   <subfield code="p">MD.13308</subfield>
   <subfield code="r">2018-09-19</subfield>
   <subfield code="v">43000.00</subfield>
   <subfield code="w">2018-09-19</subfield>
   <subfield code="y">BK</subfield>
  </datafield>
  <datafield tag="980" ind1=" " ind2=" ">
   <subfield code="a">Thư viện Trường Đại học Nam Cần Thơ</subfield>
  </datafield>
 </record>
</collection>
